ARRUPE JESUIT UNIVERSITY

CORONAVIRUS -STOP THE SPREAD - CLEAN,DISINFECT,COVER

Becoming good, becoming holy : (Record no. 118020)

MARC details
000 -LEADER
fixed length control field 00948cam a2200289 a 4500
001 - CONTROL NUMBER
control field 4516913
003 - CONTROL NUMBER IDENTIFIER
control field ARRUPE
005 - DATE AND TIME OF LATEST TRANSACTION
control field 20130924183039.0
008 - FIXED-LENGTH DATA ELEMENTS--GENERAL INFORMATION
fixed length control field 970813s1995 nyu b 101 0 eng
010 ## - LIBRARY OF CONGRESS CONTROL NUMBER
LC control number 95016977
020 ## - INTERNATIONAL STANDARD BOOK NUMBER
International Standard Book Number 0809135930 (alk. paper)
035 ## - SYSTEM CONTROL NUMBER
System control number (OCoLC)32468834
035 ## - SYSTEM CONTROL NUMBER
System control number (OCoLC)ocm32468834
035 ## - SYSTEM CONTROL NUMBER
System control number (NNC)4516913
040 ## - CATALOGING SOURCE
Original cataloging agency DLC
Transcribing agency DLC
Modifying agency DLC
-- NNUt
090 ## - LOCALLY ASSIGNED LC-TYPE CALL NUMBER (OCLC); LOCAL CALL NUMBER (OCLC)
Classification number (OCLC) (R) ; Classification number, CALL (RLIN) (NR) BJ1249
Local cutter number (OCLC) ; Book number/undivided call number, CALL (RLIN) .O37 1995
300 ## - PHYSICAL DESCRIPTION
Dimensions 23 cm
100 1# - MAIN ENTRY--PERSONAL NAME
Personal name O'Keefe, Mark,
Dates associated with a name 1956-
9 (RLIN) 1166
245 10 - TITLE STATEMENT
Title Becoming good, becoming holy :
Remainder of title on the relationship of Christian ethics and spirituality /
Statement of responsibility, etc Mark O'Keefe
260 ## - PUBLICATION, DISTRIBUTION, ETC. (IMPRINT)
Place of publication, distribution, etc New York :
Name of publisher, distributor, etc Paulist Press,
Date of publication, distribution, etc c1995
300 ## - PHYSICAL DESCRIPTION
Extent vi, 185 p. ;
504 ## - BIBLIOGRAPHY, ETC. NOTE
Bibliography, etc Includes bibliographical references (p. 152-182) and index
610 20 - SUBJECT ADDED ENTRY--CORPORATE NAME
Corporate name or jurisdiction name as entry element Catholic Church
General subdivision Doctrines.
9 (RLIN) 1167
650 #0 - SUBJECT ADDED ENTRY--TOPICAL TERM
Topical term or geographic name as entry element Christian ethics
General subdivision Catholic authors.
9 (RLIN) 1168
650 #0 - SUBJECT ADDED ENTRY--TOPICAL TERM
Topical term or geographic name as entry element Spirituality
General subdivision Catholic Church.
9 (RLIN) 1169
942 ## - ADDED ENTRY ELEMENTS (KOHA)
Source of classification or shelving scheme Library of Congress Classification
Koha item type Monograph ( Printed materials)
Holdings
Withdrawn status Lost status Source of classification or shelving scheme Damaged status Not for loan Home library Current library Date acquired Total Checkouts Full call number Barcode Date last seen Price effective from Koha item type
    Library of Congress Classification     ARRUPE LIBRARY ARRUPE LIBRARY 24/09/2013   BX2350.2.O41 1997 46411357 22/11/2017 24/09/2013 Monograph ( Printed materials)

 

Arrupe Library. PO Box MP320 Mt Pleasant, Harare, Zimbabwe
263 242 745411|librarian@aju.ac.zw